| 000 | 01480nam a2200325 c 4500 | ||
|---|---|---|---|
| 003 | BLK | ||
| 005 | 20180420215242.0 | ||
| 008 | 180413b bul|||||r ||||||| ||bul|| | ||
| 010 | _aKNG00019249000 | ||
| 020 |
_a954-524-156-Х _bиздат.: Унив. изд. Св. св. Кирил и Методий |
||
| 040 | _aBLK | ||
| 041 |
_aBUL _cBUL |
||
| 080 |
_aОсновно образование _b372.4 _x _z372.4 |
||
| 700 | 1 |
_aДражев, Панайот _eсъстав. и ред. _9261897 |
|
| 139 |
_aПроблеми на обучението в началното училище _bП 89 |
||
| 245 | 1 | 0 |
_aПроблеми на обучението в началното училище _cсъстав. и ред. Панайот Дражев. |
| 257 | _aBGR | ||
| 260 |
_аВ. Търново _bУнив. изд. Св. св. Кирил и Методий _c1997 |
||
| 300 |
_a182 с. _bс черт., табл., ноти _c21 см |
||
| 380 | _a3 | ||
| 500 | _aПълното име на състав. е Панайот Дражев Панайотов. - 300 тир. | ||
| 650 | 4 |
_aУчебен процес - в началното училище _9261898 |
|
| 650 | 4 |
_aМетодика на преподаването - в началното училище _9261899 |
|
| 653 | _aначално образование | ||
| 852 | _aЦб 194657 | ||
| 856 | 4 |
_qpdf _u |
|
| 856 | 4 |
_qpdf _u |
|
| 942 |
_cKNG _n0 |
||
| 944 |
_aCR _c15.01.2003 _kКети_Илиева |
||
| 944 |
_aED _c10.09.2015 _kНора_Радева |
||
| 999 |
_c17309 _d17309 |
||